00869nam a2200217 a 450000100100000000500170001000800410002704000250006808200190009310000290011224501070014126000430024830000240029149000190031550400740033460000490040870000340045783000260049195201170051799900170063400002299720200930021924.0101124s1973 cu a r 000 0 spa d aDO-SdBNPbspacBNPHU a923.591bM141F1 aFranco, José L.94730810aAntonio Maceo :bapuntes para una historia de su vida /cJosé L. Franco ; edición Ricardo Stusser. aLa Habana :bCiencias Sociales,c1973. av. :bil. ;c23 cm.1 aHombre y epoca aIncluye referencias bibliográficas y notas al pie de las páginas.10aMACEO Y GRAJALES, ANTONIO,d1845-18969473091 aStusser, Ricardo,eed.914766 0aHombre y epoca947310 001050718MOaGRbGRcHDd2010-11-24iLF1l0o923.591 M141Fp22997-10r2020-06-25w2020-06-25y1ZNo se presta c22494d22494